000 00502nam a2200169Ia 4500
005 20250508152342.0
008 008 250505s9999 xx 000 0 eng d
037 _aTextual
040 _aFEDL
_beng
_cFEDL
041 _aeng
_2eng
084 _a759.952, BOW
_qFEDL
100 _aBowie Henry P
_951034
245 0 _aOn the law of Japanese painting: An inrtroduction to the study of the art of Japan
300 _axv,117p.
942 _cTEXL
_h759.952, BOW
999 _c1335857
_d1335857